000 00502nam a2200181Ia 4500
003 LK-CoDNM
008 010623t1973 xxu||||| |||| 00| 1 sin d
040 _aLK-CoDNM
_dLK-CoDNM
_eLK-CoDNM
041 _asin
080 _a22/28 GRA
100 _aGraham,Billy.
245 _aමරණීය පාප හතෙන් නිදහස
246 _aFreedom from the Seven Deadly Sins
260 _bPragna Publishers
_aColombo
_c1973
300 _b38p., 21 cm
650 _aChristianity
942 _cBK
999 _c109176
_d109176